000 01028cam a22003137a 4500
003 CHAP
005 20220329134838.0
008 971013s1956 r 00010 d
010 _a26870
011 _a27842
035 _a31943
040 _cCHAP
090 _aFolleto 4298
100 0 0 _aKassander, A. Richard, Jr.
_962777
245 1 3 _aAn automatic printing and totalizing devices for solar radiation measurements
260 _aTucson :
_bUniversity of Arizona. Institute of Atmospheric Physics,
_c1956
300 _a6 h.
_b: ilus.
490 0 _aScientific report
_v; 1
590 _aBATCH-UPD
_b10
_c20130110
_lUCH01
_h0145
590 _aBATCH-UPD
_b10
_c20130110
_lUCH01
_h1705
590 _aBATCH-UPD
_b10
_c20130410
_lUCH01
_h1052
590 _aBATCH-UPD
_b10
_c20130914
_lUCH01
_h1859
590 _aCONVERSION
_b10
_c20130109
_lUCH01
_h1315
650 1 4 _aRadiación solar.
_993678
830 0 _aScientific report
_v; 1
_9103331
901 _aBK
942 _cFOLL
949 _aFolleto 4298
_bBC
_cFOLL
_d-73994
_eTS1
_i31943
_si
999 _c26870
_d26870